MARC

LEADER 00000cam a2200000 7i4500
001 0000022492
005 20091203.0
008 081023 my a f may
040 |a INS 
090 0 0 |a B82 
110 1 |a Kursus kos binaan bangunan ,   |d 2009 23 - 26 Februari   |c INSPEN, Bangi 
245 0 0 |a Kursus kos binaan bangunan :   |b 23 - 26 Februari 2009   |c Anjuran Pusat Penilaian dan Perkhidmatan Harta, INSPEN 
260 |a Bangi :   |b Institut Penilaian Negara ,   |c 2009 
300 |a 1v. ( Mukasurat pelbagai ) :   |b ill., pic. ;   |c 30 cm. 
650 0 0 |a Building   |x Cost effectiveness 
650 0 0 |a Building   |x Estimates 
710 1 |a INSPEN ( Institut Penilaian Negara ) 
856 |u http://app.inspen.gov.my:7779/pls/portal/docs/PAGE/CORPORATEPAGES/PORTAL_INSPEN/NOTA_KURSUS/BUILDING/KURSUS%20KOS%20PEMBINAAN%20BANGUNAN.PDF 
999 |a B000000176   |b BOOK   |c Course Notes   |e Default branch 
999 |a B000000177   |b BOOK   |c Course Notes   |e Default branch 
999 |a B000000188   |b BOOK   |c Course Notes   |e Default branch